00319nam a22000977a 4500008004100000082001800041245007100059260004700130300001000177710003400187230606b xxu||||| |||| 00| 0 eng d a342bCON 2019 aConstitutional Court Decisions 2018cConstitutional Court Of Korea aKoreabConstitutional Court Of Koreac2019 a207 p bConstitutional Court Of Korea